000 00409nam a22001457a 4500
005 20250926124836.0
008 250926b |||||||| |||| 00| 0 eng d
020 _a8127218510
050 _aS780
_bPAN
100 _aPANDEY P. H
245 _aPRINCIPLES AND PRACTICES OF AGRICULTURAL STRUCTURES AND ENVIRONMENTAL CONTROL
260 _aLUDHIANA
_bKALYANI PUBLISHERS
_c2004
300 _a547p
942 _2lcc
_cBK
_n0
999 _c7757
_d7757